000
00326pab a2200145 454500
008
180718b1987 xxu||||| |||| 00| 0 eng d
100
_a
Chaturvedi, A.K.
245
_a
Youth adrift in a sick society
260
_c
1987
300
_a
29-30
362
_a
Mar.
650
_a
Youth
773
_a
Social Welfare
909
_a
21083
999
_c
21083
_d
21083